000 00712cab a2200253 4500
001 ABS60268
008 090401t1999 xxu||||| |||| 00| 0 eng d
035 _a(Sirsi) u92390
041 _aeng
100 _aWinter, J.
245 2 _aA low rate for the job
260 _c1999
350 _a0
490 _aConstruction News
_v(6608) 25 March 1999, 28(1)
650 _aBUILT ENVIRONMENT-BUILDING CONTRACT FORMS
650 _aCONTRACTORS
650 _aHENRY BOOT CONSTRUCTION V ALSTON COMBINED CYCLES
650 _aICE CONDITIONS OF CONTRACT
650 _aVALUATION OF VARIATIONS
650 _aVARIATIONS
690 _aBUILT ENVIRONMENT-BUILDING CONTRACT FORMS
942 _n0
948 _c26/03/1999
999 _c58574
_d58574